00977cam a22002771 450000100060000000300080000600500170001400800410003103500190007203500120009104000270010304100080013008200200013810000480015824500950020626000480030130000360034950000190038560000350040465000190043970000400045870000350049894200120053399900170054595201370056277283BD-RjUL20211209082944.0851113s1959 enk 0 eng d a(BD-RjUL)77508 a2401523 aANLbengdANLcBD-RjUL aeng0 a828.8bHOJ 19591 aHopkins, Gerard Manley,d1844-1889.924065314aThe journals and papers of Gerard Manley Hopkins /ced. by H.House, completed by G.Storey. aLondon. :bOxford University press ,c1959. axxxii, 579 p. : bill. ;c23 cm aIncludes Index aHopkins, Gerard Manley9240664 apoetry92406551 aHouse, Humphry,d1908-1955.92406651 aStorey, Graham,d1920-9240666 2ddccBK c77283d77283 00102ddc40708NFICaRUCLbRUCLcStackd1964-03-20eZeitlingerg75.00l0o828.8 HOJ 1959r2020-03-10 00:00:00tC-2w2021-12-09yBK